| 000 | 01172 a2200193 4500 | ||
|---|---|---|---|
| 020 | _a0070249288 | ||
| 020 | _a9780070249288 | ||
| 090 |
_c1579 _d1579 |
||
| 100 | 1 | _aGrob, Bernard. | |
| 245 | 1 | 0 |
_aBasic electronics / _cBernard Grob. |
| 250 | _a5th ed. | ||
| 260 |
_a[S.l.] : _bMcGraw-Hill Companies, _c1984. |
||
| 300 |
_a737 p. ; _c26 cm. |
||
| 500 | _aHardcover. | ||
| 520 | _aThe new edition of Grob: Basic Electronics has been completely revised with a new look and new information to keep students at the forefront of basic electronics education. It includes new problems and questions at the end of each chapter, sidebar features throughout the text, and a critical thinking component. The new full-color design makes it easy for students to read circuit diagrams and other important visuals. HyperGraphics, an interactive multimedia program designed to correlate with Glencoe electronics texts, is available for Grob: Basic Electronics. | ||
| 856 | 4 | 0 |
_3Amazon.com _uhttp://www.amazon.com/exec/obidos/ASIN/0070249288/chopaconline-20 |
| 856 | 4 | 0 |
_3Amazon customer reviews _uhttp://www.chopac.org/cgi-bin/tools/azrev.pl?q=0070249288 |
| 942 |
_aNBS _cBK _k537.5 GRO |
||
| 999 |
_c344097 _d344097 |
||